Normal view
MARC view
Entry Personal Name
001 - CONTROL NUMBER
- control field: 4623
003 - CONTROL NUMBER IDENTIFIER
- control field: ARRUPE
005 - DATE AND TIME OF LATEST TRANSACTION
- control field: 20131202174758.0
008 - FIXED-LENGTH DATA ELEMENTS
- fixed length control field: 131202|| aca||aabn | a|a d
040 ## - CATALOGING SOURCE
- Original cataloging agency: ARRUPE
- Transcribing agency: ARRUPE
100 ## - HEADING--PERSONAL NAME
- Personal name: Stewart, J. I. M.
- Fuller form of name: (John Innes Mackintosh),
- Dates associated with a name: 1906-
670 ## - SOURCE DATA FOUND
- Source citation: Work cat.: (ARRUPE)0: Stewart, J. I. M. (John Innes Mackintosh), 1906-, Eight modern writers /, 1963.